000 00853cam a2200253 4500
005 20260520143606.0
008 260520b sp ||||| |||| 00| 0 spa d
020 _a8472140962
050 0 4 _aCB478
_bC67 1976
100 1 _aCoriat, Benjamin
240 _aScience, technique et capital.
_lEspañol.
245 1 0 _aCiencia técnica y capital
_c / Benjamin Coriat ; traducción María Teresa Martínez, Miguel Pellicer.
250 _a1a ed.
260 _aMadrid, España :
_bH. Blume ediciones,
_c1976
300 _axv, 198 p. ;
_c21 cm.
490 0 _aCiencia, Tecnología, Sociedad
500 _a
504 _aIncluye bibliografía e índice
650 4 _aTecnología y civilización
650 4 _aEnseñanza técnica
_zChina
700 1 _aMartínez, María Teresa
_etraductor
700 1 _aPellicer, Miguel,
_etraductor
942 _2lcc
_cLIB
999 _c64602
_d64602